| 000 | 00000nam 2200000zi 4500 |
| 001 | 9.885884 |
| 003 | CaOODSP |
| 005 | 20221107171256 |
| 006 | m o d f |
| 007 | cr ||||||||||| |
| 008 | 171016t20202020oncao ob f000 0 eng d |
| 020 | |z9780660345598 |
| 040 | |aCaOODSP|beng|erda|cCaOODSP |
| 043 | |an-cn--- |
| 086 | 1 |aCH57-3/1-30-2020E-PDF |
| 100 | 1 |aIraci, J. |q(Joe)|eauthor. |
| 245 | 14|aThe digitization of audio tapes / |cJoe Iraci, Richard Hess and Kimberley Flak ; revised by Joe Iraci. |
| 250 | |aRevised and corrected edition. |
| 264 | 1|a[Ottawa] : |bCanadian Conservation Institute = Institut canadien de conservation, |c[2020]. |
| 264 | 4|c©2020 |
| 300 | |a1 online resource (51 pages) : |billustrations, photographs. |
| 336 | |atext|btxt|2rdacontent |
| 337 | |acomputer|bc|2rdamedia |
| 338 | |aonline resource|bcr|2rdacarrier |
| 490 | 1 |aTechnical bulletin ; |v30 |
| 500 | |aIssued also in French under title: La numérisation des bandes magnétiques audio. |
| 500 | |a"First published in 2012." |
| 504 | |aIncludes bibliographical references (pages 48-51). |
| 520 | 3 |a"Many archives and heritage institutions possess audiotapes that are the only record of culturally significant information. Unfortunately, these analog audio storage formats have a finite technology lifetime. If the information is to remain accessible, it must be migrated to new technology. This Technical Bulletin provides information and procedures for digitizing cassettes and reel-to-reel tapes. It is intended to assist small to mid-size heritage institutions that lack the funds for professional digitization. Note that the procedures discussed herein are intended primarily for oral history collections; they will not capture all the fine details present in high-fidelity recordings"--Abstract, page [1]. |
| 650 | 0|aArchival materials|xDigitization|zCanada. |
| 650 | 0|aAudiotapes|xConservation and restoration. |
| 650 | 0|aAudiotapes|xDigitization. |
| 710 | 1 |aCanada. |bCanadian Heritage. |
| 710 | 2 |aCanadian Conservation Institute. |
| 775 | 08|tLa numérisation des bandes magnétiques audio / |w(CaOODSP)9.885888 |
| 776 | 0#|tThe digitization of audiotapes.|w(CaOODSP)9.885896 |
| 795 | |tThe digitization of audio tapes |w(CaOODSP)9.845572 |
| 830 | #0|aTechnical bulletin (Canadian Conservation Institute)|v30|w(CaOODSP)9.806394 |
| 856 | 40|qPDF|s902 KB|uhttps://publications.gc.ca/collections/collection_2020/pch/CH57-3-1-30-2020-eng.pdf |